Evolución arquitectónica de la casa en el siglo XX

Uloženo v:
Podrobná bibliografie
Hlavní autor: Weston, Richard (Autor)
Médium: Kniha
Jazyk:španělština
Vydáno: Barcelona Blume 2002
Vydání:1a. ed
Témata:
Tagy: Přidat tag
Žádné tagy, Buďte první, kdo vytvoří štítek k tomuto záznamu!

MARC

LEADER 00000nam a2200000 a 4500
001 UCI7307
003 CL-VaPUC
008 080619e20020000SP |||||||||||||||||spa|d
020 |a 8489396841 
082 0 4 |a 724.6  |b WES  |2 21 
100 0 |a Weston, Richard  |e author  |9 530515 
245 1 0 |a Evolución arquitectónica de la casa en el siglo XX 
250 |a 1a. ed 
300 |a 272 p 
942 |c BK 
945 |d 20080619 00:00:00  |a jtorresc 
260 |a Barcelona  |b Blume  |c 2002 
650 0 |a Arquitectura moderna   |v Siglo 20   |9 265427 
650 0 |a Arquitectura de viviendas   |9 265159 
583 |a last modification  |c 20080619 00:00:00  |k Rodrigo Vera 
999 |c 330629  |d 330627 
952 |0 0  |1 0  |4 0  |6 724_600000000000000_WES_2002  |7 0  |8 A  |9 416280  |a BIBARQ  |b BIBARQ  |d 2019-11-22  |i 4450841  |l 1  |o 724.6 WES 2002  |p 4450841  |r 2025-01-20  |s 2022-10-18  |w 2019-11-22  |y BK  |k ARQ